Special report 2001: data storage centres (Record no. 67679)

MARC details
000 -LEADER
fixed length control field 01203cam a2200301 4500
001 - CONTROL NUMBER
control field ABS64124
008 - FIXED-LENGTH DATA ELEMENTS--GENERAL INFORMATION
fixed length control field 000000n2001 000 0 eng u
035 ## - SYSTEM CONTROL NUMBER
System control number (Sirsi) u113589
100 ## - MAIN ENTRY--PERSONAL NAME
Personal name Ruhan, A.
245 ## - TITLE STATEMENT
Title Special report 2001: data storage centres
260 ## - PUBLICATION, DISTRIBUTION, ETC.
Date of publication, distribution, etc. 2001
490 ## - SERIES STATEMENT
Series statement Estates Gazette
Volume/sequential designation (0122) 2 June 2001, 111-119(7)
520 ## - SUMMARY, ETC.
Summary, etc. Special report examining the market for data storage centres suggesting that following the failure of many dot.com companies it has now returned to realistic levels with sustainable growth. Considers the popularity of London with European data storage space developers, the legal aspects of telehotelling projects, and the form and structure of the next generation of telehotels and co-location and web-hosting centres.
590 ## - LOCAL NOTE (RLIN)
Local note ABS
650 ## - SUBJECT ADDED ENTRY--TOPICAL TERM
Topical term or geographic name entry element CO-LOCATION CENTRES
650 ## - SUBJECT ADDED ENTRY--TOPICAL TERM
Topical term or geographic name entry element CO-LOCATION FACILITIES
650 ## - SUBJECT ADDED ENTRY--TOPICAL TERM
Topical term or geographic name entry element DATA STORAGE
650 ## - SUBJECT ADDED ENTRY--TOPICAL TERM
Topical term or geographic name entry element DATA CENTRES
650 ## - SUBJECT ADDED ENTRY--TOPICAL TERM
Topical term or geographic name entry element TELEHOTELS
650 ## - SUBJECT ADDED ENTRY--TOPICAL TERM
Topical term or geographic name entry element WEB HOSTING SERVICES
690 ## - LOCAL SUBJECT ADDED ENTRY--TOPICAL TERM (OCLC, RLIN)
Topical term or geographic name as entry element PROPERTY-COMMERCIAL PROPERTY-COMMERCIAL PROPERTY MARKET
700 ## - ADDED ENTRY--PERSONAL NAME
Personal name Strohm, P.
700 ## - ADDED ENTRY--PERSONAL NAME
Personal name Norwood, G.
700 ## - ADDED ENTRY--PERSONAL NAME
Personal name Gill, S.
700 ## - ADDED ENTRY--PERSONAL NAME
Personal name Snow, J.
700 ## - ADDED ENTRY--PERSONAL NAME
Personal name Heap, J.
942 ## - ADDED ENTRY ELEMENTS (KOHA)
Suppress in OPAC 0
Holdings
Withdrawn status Lost status Source of classification or shelving scheme Damaged status Not for loan Home library Current library Shelving location Date acquired Total Checkouts Full call number Barcode Date last seen Copy number Price effective from Koha item type
    Dewey Decimal Classification     London London Journal article 09/07/2001   ABS64124 113589-1001 06/08/2019 1 06/08/2019 Journal article